| 000 | 00560nam a2200169 i 4500 | ||
|---|---|---|---|
| 001 | 134526 | ||
| 003 | ES-MaACL | ||
| 007 | t| | ||
| 008 | 070911s1974 mx ||||1| spa d | ||
| 100 | 1 |
_aWeber, Max. _9116265 |
|
| 245 | 1 | 0 |
_aHistoria económica general / _cMax Weber ; prefacio y versión directa del alemán de Manuel Sánchez Sarto. |
| 250 | _a[1ª ed., 5ª reimp.]. | ||
| 260 |
_aMéxico : _bFondo de Cultura Económica, _c[1974] |
||
| 300 |
_aX, 331 p. ; _c21 cm. |
||
| 700 | 1 |
_aSánchez Sarto, Manuel. _9102931 |
|
| 852 |
_aES-MaACL _jE-6809 _bR.91262 |
||
| 999 |
_c134526 _d134526 |
||